Prioritising maintenance and investment in school buildings (Record no. 115066)

MARC details
000 -LEADER
fixed length control field 00898cam a22002655a 4500
001 - CONTROL NUMBER
control field 157999
008 - FIXED-LENGTH DATA ELEMENTS--GENERAL INFORMATION
fixed length control field 131003s2013 xxk f 000 0 eng d
020 ## - INTERNATIONAL STANDARD BOOK NUMBER
International Standard Book Number 9781848063419
035 ## - SYSTEM CONTROL NUMBER
System control number (Sirsi) u157999
041 0# - LANGUAGE CODE
Language code of text/sound track or separate title eng
100 1# - MAIN ENTRY--PERSONAL NAME
Personal name Thorne, Andrew
245 00 - TITLE STATEMENT
Title Prioritising maintenance and investment in school buildings
Remainder of title a non technical guide for head teachers, senior staff, energy team members and site managers/caretakers
260 ## - PUBLICATION, DISTRIBUTION, ETC.
Place of publication, distribution, etc. Watford
Name of publisher, distributor, etc. BRE
Date of publication, distribution, etc. 2013
300 ## - PHYSICAL DESCRIPTION
Extent 8p.
Other physical details ill.
Dimensions 30cm.
490 #0 - SERIES STATEMENT
Series statement BRE Information Paper
Volume/sequential designation (10/13)
520 ## - SUMMARY, ETC.
Summary, etc. Designed to help school staff to set priorities for investment to help optimise their buildings and grounds.
521 ## - TARGET AUDIENCE NOTE
Target audience note Advanced
590 ## - LOCAL NOTE (RLIN)
Local note KA
650 24 - SUBJECT ADDED ENTRY--TOPICAL TERM
Topical term or geographic name entry element BUILDING MAINTENANCE
651 #4 - SUBJECT ADDED ENTRY--GEOGRAPHIC NAME
Geographic name ENGLAND AND WALES
690 ## - LOCAL SUBJECT ADDED ENTRY--TOPICAL TERM (OCLC, RLIN)
Topical term or geographic name as entry element MAINTENANCE, SCHOOLS
700 1# - ADDED ENTRY--PERSONAL NAME
Personal name Balson, Kiruthiga
700 1# - ADDED ENTRY--PERSONAL NAME
Personal name Murphy, Chloe
942 ## - ADDED ENTRY ELEMENTS (KOHA)
Suppress in OPAC 0
Holdings
Withdrawn status Lost status Source of classification or shelving scheme Damaged status Not for loan Home library Current library Shelving location Date acquired Total Checkouts Full call number Barcode Date last seen Copy number Price effective from Koha item type
    Dewey Decimal Classification     London London BRE publications 03/10/2013   BRE INFORMATION PAPER 30075057 06/08/2019 1 06/08/2019 Book